DEVELOPMENT OF CYBERSECURITY TRAINING PROGRAM FOR THE ACADEMIC COMMUNITY - A ROLE - BASE APPROACH (Record no. 525476)

000 -LEADER
fixed length control field 00550nam a22001817a 4500
003 - CONTROL NUMBER IDENTIFIER
control field NUST
005 - DATE AND TIME OF LATEST TRANSACTION
control field 20190702093858.0
038 ## - RECORD CONTENT LICENSOR
Staff Name Mr. Zahoor
082 ## - DEWEY DECIMAL CLASSIFICATION NUMBER
Classification number 005
100 ## - MAIN ENTRY--PERSONAL NAME
Personal name Akram, Sajjal
9 (RLIN) 16376
245 ## - TITLE STATEMENT
Title DEVELOPMENT OF CYBERSECURITY TRAINING PROGRAM FOR THE ACADEMIC COMMUNITY - A ROLE - BASE APPROACH
Statement of responsibility, etc. Sajjal Akram
260 ## - PUBLICATION, DISTRIBUTION, ETC.
Place of publication, distribution, etc. Islamabad:
Name of publisher, distributor, etc. MCS - NUST,
Date of publication, distribution, etc. 2017.
300 ## - PHYSICAL DESCRIPTION
Extent xi, 194 p.: ill.;
Other physical details 30cm.
500 ## - GENERAL NOTE
General note Hardcover
650 ## - SUBJECT ADDED ENTRY--TOPICAL TERM
Topical term or geographic name entry element Information Security - MS Thesis
9 (RLIN) 16348
700 ## - ADDED ENTRY--PERSONAL NAME
Personal name Dr. Baber Aslam
9 (RLIN) 16377
942 ## - ADDED ENTRY ELEMENTS (KOHA)
Source of classification or shelving scheme
Koha item type Thesis
Holdings
Withdrawn status Lost status Source of classification or shelving scheme Damaged status Not for loan Permanent Location Current Location Shelving location Date acquired Total Checkouts Full call number Barcode Date last seen Price effective from Koha item type
          Central Library (CL) Central Library (CL) Thesis 07/02/2019   005 CL-T-1811 07/03/2019 07/02/2019 Thesis
          Central Library (CL) Central Library (CL) Thesis 11/10/2020   005 CL-T-921 11/10/2020 11/10/2020 Thesis
© 2023 Central Library, National University of Sciences and Technology. All Rights Reserved.